| 000 | 00439nam a2200145Ia 4500 | ||
|---|---|---|---|
| 008 | 221007s9999 xx 000 0 und d | ||
| 041 | _aeng | ||
| 082 | _bURV | ||
| 100 |
_aUrvashi Vidhani - 2k181116 & Dr. Prashant Mamarde - Guide _9105113 |
||
| 245 | _aForex Requirment Of Corporate At Kotak Mahindra Bank Pune | ||
| 260 |
_c2019 _bSavitribai Phule Pune University _aPune |
||
| 300 |
_a55p _cHard Bound |
||
| 440 | _v1 | ||
| 906 | _bGeneral | ||
| 999 |
_c80013 _d80013 |
||